1238 1387 1270 1665 1938 1862 1199 1509 1306 1025 1293 1798 1649 1104 1096 1291 1752 1358 1597 1036 1760 1803 1042 1871 1676 1788 1810 1059 1549 1078 1941 1981 1046 1714 1362 1179 1649 1081 1294 1039 1848 1938 1412 1115 1161 1607 1562 1795 1927 1253 1259 1410 1415 1598 1444 1678 1464 1950 1614 1837 1258 1877 1030 1429 1179 1245 1115 1346 1148 1239 1582 1885 1534 1921 1899 1923 1200 1977 1470 1188 1089 1087 1089 1736 1378 1830 1893 1004 1548 1574 1683 1604 1295 1115 1987 1414 1737 1281 1937 BCNSPRNW ULIB Ver.6.0+V

เปลี่ยนเป็นภาษาไทย

Change to English
 แสดงรายละเอียดบรรณานุกรม
  กลับหน้าหลัก

Brief Record : Get Marc (ISO 2709) : E-mail record : QR code < ปิดหน้าต่าง
LEADER : 00000nam 2200000uu 4500
001    13399124443
003     ULIB
008    150720s2556||||th 000 0 tha d
020    ^a9786162710780
041 0  ^atha
060 04 ^aWS205^bก459
245 00 ^aการบาดเจ็บในเด็ก =^bPediatric trauma /^cปิยวรรณ เชียงไกรเวช, มณฑิรา ตัณฑนุช และ นครชัย เผื่อนปฐม, บรรณาธิการ
246 31 ^aPediatric trauma
250    ^aพิมพ์ครั้งที่ 1
260    ^aสงขลา :^bหน่วยผลิตตำรา คณะแพทยศาสตร์ มหาวิทยาลัยสงขลานครินทร์,^c2556
300    ^a613 หน้า :^bภาพประกอบ, ตาราง ;^c26 ซม.
650  7 ^aกุมารเวชศาสตร์
650  7 ^aการบาดเจ็บ^xในวัยทารกและวัยเด็ก
650  7 ^aภาวะฉุกเฉิน^xในวัยทารกและวัยเด็ก
650  7 ^aเด็ก^xบาดแผลและบาดเจ็บ
700 0  ^aปิยวรรณ เชียงไกรเวช,^eบรรณาธิการ
700 0  ^aมณฑิรา ตัณฑนุช,^eบรรณาธิการ
700 0  ^aนครชัย เผื่อนปฐม,^eบรรณาธิการ
710 2  ^aมหาวิทยาลัยสงขลานครินทร์. ^bคณะแพทยศาสตร์.^bหน่วยผลิตตำรา
945    ^p980^l0^i039571
999    ^aเกษร โพธิ์สุวรรณ
รายการนี้ยังไม่มีแท็ก
คุณยังไม่ได้ล็อกอิน คุณสามารถมีกิจกรรมร่วมกับเว็บไซต์ได้ แต่ต้องล็อกอินก่อน ::
  ล็อกอิน

รายการสื่อสารสนเทศ

ลำดับที่ ประเภท เลขเรียก/บาร์โค้ด สถานที่ สถานะ
1. Book การพยาบาล
หนังสือสำรอง
สถานะ=หนังสือสำรอง
WS205 ก459 ฉ.1 
  Barcode: 039571
ห้องสมุดวิทยาเขตสวรรค์ประชารักษ์
►ส่วนจัดเก็บหนังสือเก่า สปร
บนชั้น
  ขอยืม

รายการใกล้เคียง
    หัวเรื่อง [กุมารเวชศาสตร์]

BibComment


ยังไม่เคยถูกคอมเมนท์

คอมเมนท์ทรัพยากรรายการนี้
  คอมเมนท์: การบาดเจ็บในเด็ก..


 Copyright 2026. Bcnsprnw @Library